Países Oceánicos - Estadísticas

Estadísticas generales
  • Esta prueba ha sido intentada 24 veces
  • La puntuación promedio es 8 de 12
Estadísticas de respuestas
Habitantes Respuesta % Correcto
26.194.302 Australia
100%
12.884 Nauru
74%
5.163.239 Nueva Zelanda
74%
222.382 Samoa
74%
740.424 Islas Salomón
68%
10.142.619 Papúa Nueva Guinea
68%
943.072 Fiyi
63%
131.232 Kiribati
63%
11.478 Tuvalu
58%
18.051 Palaos
53%
108.683 Tonga
47%
342.325 Vanuatu
42%
No se encontraron pruebas coincidentes
Distribución de puntuación
Porcentaje de gente con cada puntuación
Porcentaje por número respondido
Historial de tus puntuaciones
No has intentado esta prueba.